000 00879cam a2200277 a 4500
001 000019690
005 20200929170114.0
008 780210s1970 sp 001 d spa d
035 _a(DLC) 78337540
040 _aDO-SdBNP
_cDLC
_dDLC
_dBNPHU
082 _a862.6
_bV181c, 1970
100 1 _aValle-Inclán, Ramón del,
_d1866-1936.
_93325
245 1 0 _aCara de plata :
_bcomedia bárbara /
_cRamón del Valle-Inclán.
250 _a3a ed.
260 _aMadrid :
_bEspasa-Calpe,
_c1970.
300 _a138 p. ;
_c18 cm.
490 1 _aAustral. Violeta: teatro y poesía
_v651
500 _aIncluye índice de autores.
650 4 _aTeatro español
_93071
650 4 _aComedia española
_93085
650 4 _aLiteratura española
_9632
830 0 _aAustral.
_pVioleta: teatro y poesía;
_v651
_939559
910 _aCatalogación derivada / LC
910 _aWM
049 _aBNGR
999 _c19205
_d19205